000 00516nam a2200169 a 4500
001 000017753
005 20250129073605.0
008 100331s1977 dr 000 0 spa d
040 _aDO-SdBNP
_bspa
_cBNPHU
082 _axxx
_bP433d
100 1 _aPerdomo, Eugenio
_938616
245 1 0 _aDiario de Eugenio Perdomo /
_cEugenio Perdomo ; edición Juan Daniel Balcacer.
260 _aSanto Domingo :
_bCosmos,
_c1977.
300 _a36 p. ;
_c21 cm.
700 1 _aBalcácer, Juan Daniel,
_d1949-
_eed.
_96566
049 _aBNPD
999 _c17278
_d17278